Documento interesantísimo que en forma epistolar expone los fundamentos de la Ley de Instrucción Pública vigente / (Record no. 29559)

MARC details
000 -LEADER
campo de control de longitud fija 00472nam a2200145 i 4500
001 - NÚMERO DE CONTROL
campo de control 29559
003 - IDENTIFICADOR DE NÚMERO DE CONTROL
campo de control ES-MaACL
005 - FECHA Y HORA DE LA ÚLTIMA TRANSACCIÓN
campo de control 20230906154043.0
007 - CAMPO FIJO DE DESCRIPCIÓN FÍSICA--INFORMACIÓN GENERAL
campo de control de longitud fija t|
008 - DATOS DE LONGITUD FIJA--INFORMACIÓN GENERAL
campo de control de longitud fija 030122s1881 mx ||||1| spa d
100 1# - ENTRADA PRINCIPAL--NOMBRE DE PERSONA
Nombre de persona Barreda, G.
9 (RLIN) 25879
245 10 - MENCIÓN DEL TÍTULO
Título Documento interesantísimo que en forma epistolar expone los fundamentos de la Ley de Instrucción Pública vigente /
Mención de responsabilidad, etc. G. Barreda.
260 ## - PUBLICACIÓN, DISTRIBUCIÓN, ETC.
Lugar de publicación, distribución, etc. México :
Nombre del editor, distribuidor, etc. [s.n.,
Fecha de publicación, distribución, etc. 1881] (
Fabricante Tip. de I. Paz)
852 ## - LOCALIZACIÓN
Ubicación ES-MaACL
Número de control de estantería 1550-F-11
Holdings
Estatus retirado Estado de pérdida Estado de daño No para préstamo Colección Biblioteca de origen Biblioteca actual Ubicación en estantería Fecha de adquisición Fuente de adquisición Total de préstamos Signatura topográfica completa Código de barras Visto por última vez Precio de reemplazo Tipo de ítem Koha
        Colección de folletos Biblioteca del Ateneo de Madrid Biblioteca del Ateneo de Madrid Depósito folletos 17/01/2008     1550-F-11 1030516 23/02/2023 23/02/2023 Folleto